|
|
|
|
| LEADER |
00000cam a2200000 7i4500 |
| 001 |
0000001173 |
| 005 |
20240924.0 |
| 008 |
240426 nyu a eng |
| 020 |
|
|
|a 0871965909
|
| 040 |
|
|
|a INS
|b eng
|e rda
|
| 090 |
0 |
0 |
|a RHC455
|b .M37 1982
|
| 245 |
0 |
4 |
|a The markets of Asia Pacific :
|b The Philippines
|
| 264 |
|
1 |
|a New York :
|b Facts on file
|c c1982
|
| 300 |
|
|
|a xii ,133 pages :
|b illustrations, maps ;
|c 31 cm.
|
| 336 |
|
|
|a text
|2 rdacontent
|
| 337 |
|
|
|a unmediated
|2 rdamedia
|
| 338 |
|
|
|a volume
|2 rdacarrier
|
| 500 |
|
|
|a Includes index
|
| 651 |
|
0 |
|a Philippines
|x Commerce
|
| 651 |
|
0 |
|a Philippines
|x Economics conditions
|y 1946
|
| 710 |
2 |
|
|a Asia Pacific Centre
|
| 999 |
|
|
|a 0000002260
|b BOOK
|c Reference
|e Default branch
|